00510nam a22001817a 4500003000900000008004100009020002200050040007100072082002200143100002300165245003400188260003200222300001100254650001200265650001500277650001400292700002200306AR-CdUCM190423b ||||| |||| 00| 0 spa d a978-987-612-332-7 aMUNICIPALIDAD PROVINCIAL DEL CUSCOcBIBLIOTECA MUNICIPAL DEL CUSCO aPI / 376.1 /bS31 aSchulz, Charles M. aPuedes ser !lo que quieras! / aBuenos Aires :bV&R,c2011. c21 cm. aDibujos aHistorieta aHistorias aRiba, Lidia Maria